El alma de las cosas : y otros poemas /

Guardat en:
Dades bibliogràfiques
Autor principal: Alba, Amando J. de (autor)
Altres autors: Ramírez, José R. (presentación) (presentación), Correa, Eduardo J. (prólogo) (prólogo)
Format: Llibre
Idioma:espanyol
Publicat: Guadalajara, México : editorial no identificada, 1976
Matèries:
Etiquetes: Afegir etiqueta
Sense etiquetes, Sigues el primer a etiquetar aquest registre!

MARC

LEADER 00000nam^a2200000^a^4500
001 000419364
005 20250526000000.0
009 20260526144249.9
037 |a Acervo ITESO - Biblioteca 
041 |a ESP 
082 |a 861.  |b ALB 
100 |a Alba, Amando J. de  |e (autor) 
245 1 3 |a El alma de las cosas :  |b y otros poemas /  |c A.J. de Alba ; presen. de J.R. Ramírez ; pról. de E.J. Correa. 
264 1 |a Guadalajara, México :  |b editorial no identificada,  |c 1976 
300 |a 283 p. ;  |c 23.5 cm. 
336 |a texto  |b txt  |2 rdacontenido 
337 |a sin mediación  |b n  |2 rdamedio 
338 |a volumen  |b nc  |2 rdasoporte 
561 |a Dedicatoria con la leyenda: Un buen libro para el sr. lic. Alfonso de Alba Martín dedicado con sentimiento de limpia amistad. Su amigo, 12 feb 78, firmado Pablo Jiménez Camarena 
649 |a XX 
650 |a Poesía Religiosa 
650 |a Poesía Jalisciense 
650 |a Poesía Mexicana 
650 |a Literatura Religiosa -  |z Jalisco 
650 |a Literatura Religiosa -  |z México 
650 |a Literatura Jalisciense -  |y Siglo XX 
650 |a Literatura Mexicana -  |y Siglo XX 
700 |a Ramírez, José R.  |e (presentación) 
700 |a Correa, Eduardo J.  |e (prólogo) 
910 |a Fondo Alfonso de Alba Martín 
920 |a Impresos - Libros 
930 |a Libros Antiguos y Raros 
940 |a Literatura 
905 |a 125 
901 |a 0500338995  |b IT2  |c LRA  |i D100243  |u 20250526 
902 |a https://opac.biblio.iteso.mx/vufind/Record/000419364